000 00515nam a2200193Ia 4500
005 20250326145032.0
008 250326s9999 xx 000 0 und d
020 _a81-219-1021-8
037 _aTextbook
040 _aFMSL
_beng
_cFMSL
041 _aeng
_2eng
084 _aX81 P4
_qFMSL
100 _aMishra M N
245 0 _aInsurance principles and prectice
_cMishra M N
260 _aNew Delhi
_bNew Delhi, S.Chand
_c2004
300 _a784p
942 _cTB
_hX81 P4
999 _c1306133
_d1306133